| 000 | 02376cam a22005177a 4500 | ||
|---|---|---|---|
| 003 | CHAP | ||
| 005 | 20220329135815.0 | ||
| 008 | 971013m1994 mx r 00110 spa d | ||
| 010 | _a42517 | ||
| 011 | _a43489 | ||
| 020 | _a970-13-3118-4 | ||
| 020 | _a9701342291 | ||
| 035 | _a47625 | ||
| 040 | _cCHAP | ||
| 082 | 0 | 4 |
_a371 _bI5 |
| 110 | 2 |
_aInstituto Nacional de Estadística, Geografía e Informática. México _959304 |
|
| 245 | 1 | 0 |
_aEstadísticas de educación _c/por Instituto Nacional de Estadística, Geografía e Informática |
| 260 |
_aAguascalientes, Ags. : _bInstituto Nacional de Estadística, Geografía e Informática, _c199- |
||
| 300 | _av. | ||
| 410 | 2 | 1 | _aINEGI |
| 490 | 0 | _aCuaderno | |
| 500 | _aLa biblioteca tiene : 1994, 1996, 1997, 1997-98, 1998-99, 1999, 2000, 2001, 2002 | ||
| 590 |
_aBATCH-UPD _b10 _c20130110 _lUCH01 _h2149 |
||
| 590 |
_aBATCH-UPD _b10 _c20130410 _lUCH01 _h1458 |
||
| 590 |
_aBATCH-UPD _b10 _c20130914 _lUCH01 _h1236 |
||
| 590 |
_aCONVERSION _b10 _c20130109 _lUCH01 _h1323 |
||
| 650 | 1 | 4 |
_aEducación _xEstadísticas. _935437 |
| 790 | _aFechas históricas de la educación en México | ||
| 810 | 0 | 0 |
_aINEGI _958045 |
| 830 | 0 | 0 |
_aCuaderno _929704 |
| 901 | _aBK | ||
| 942 | _cLIBRO | ||
| 949 |
_a371 I5 _bBC _cINEGI _d33724000488458 _eINEGI _f1994 _h88723 _i47625 _mD _si |
||
| 949 |
_a371 I5 _bBC _cINEGI _d33724000601928 _eINEGI _f1996 _h90951 _i47625 _si |
||
| 949 |
_a371 I5 _bBC _cINEGI _d33724000619466 _eINEGI _f1996 c.2 _h91106 _i47625 _si |
||
| 949 |
_a371 I5 _bBC _cINEGI _d33724000619474 _eINEGI _f1996 c.3 _h91107 _i47625 _si |
||
| 949 |
_a371 I5 _bBC _cINEGI _d33724000702536 _eINEGI _f1997 _h93985 _i47625 _sb |
||
| 949 |
_a371 I5 _bBC _cINEGI _d33724000737086 _eINEGI _f1999 _h54057 _i47625 _sb |
||
| 949 |
_a371 I5 _bBC _cINEGI _d33724000811527 _eINEGI _f1997-98 c.2 _h99086 _i47625 _kDonaciØn _st |
||
| 949 |
_a371 I5 _bBC _cINEGI _d33724000813994 _eINEGI _f2001 _gDonaciØn _h102768 _i47625 _sb |
||
| 949 |
_a371 I5 _bBC _cINEGI _d33724000843215 _eINEGI _f1998-99 _h100968 _i47625 _kDonaciØn _sb |
||
| 949 |
_a371 I5 _bBC _cINEGI _d33724000843223 _eINEGI _f1998-99 c.2 _h100969 _i47625 _kDonaciØn _sb |
||
| 949 |
_a371 I5 _bBC _cINEGI _d33724000894143 _eINEGI _f2001 c.2 _gDonaciØn _h103643 _i47625 _sb |
||
| 949 |
_a371 I5 _bBC _cINEGI _d33724000908307 _eINEGI _f2002 _gDonaciØn _h103897 _i47625 _sb |
||
| 949 |
_a371 I5 _bBC _cINEGI _d47625 _eINEGI _f1997-98 _h99086 _i47625 _kDonaciØn _st |
||
| 999 |
_c42517 _d42517 |
||